Statistics for People in History by Wikipedia Descriptions #1

Click here to take the quiz!

General Stats

  • This quiz has been taken 10,087 times
  • The average score is 14 of 21

Answer Stats

Excerpt Person % Correct
He preserved the Union, abolished slavery, strengthened the federal governmentAbraham Lincoln
98%
He is referred to by many appellations including Messenger of AllahMuhammad
91%
Ruled as the Chairman of the Communist Party of China from its establishment
in 1949 until his death in 1976
Mao Zedong
88%
A Hindu nationalist assassinated him on 30 January 1948Mahatma Gandhi
87%
His government focused on dismantling the legacy of apartheidNelson Mandela
86%
The phonograph, the motion picture camera, and the long-lasting,
practical electric light bulb
Thomas Edison
86%
On 1 May 1876, she adopted the additional title of Empress of IndiaQueen Victoria
78%
He returned to Russia to play a leading role in the October RevolutionVladimir Lenin
78%
a² + b² = c²Pythagoras
76%
His five-year voyage on HMS Beagle established him as an eminent geologistCharles Darwin
72%
The uncrowned King Charles VII sent her to the Siege of OrléansJoan of Arc
71%
Was born Gaius Octavius Thurinus into an old and wealthy equestrian branch
of the plebeian gens Octavia
Augustus
65%
His travels are recorded in Livre des merveilles du monde, a book that described to
Europeans the then mysterious culture and inner workings of the Eastern world
Marco Polo
60%
"I have nothing to offer but blood, toil, tears, and sweat"Winston Churchill
59%
He founded some twenty cities that bore his nameAlexander the Great
58%
The Gold Rush, City Lights, Modern Times, and The Great Dictator often ranked
on lists of the greatest films of all time
Charlie Chaplin
56%
He and Tenzing Norgay became the first climbers confirmed to have reached
the summit of Mount Everest
Edmund Hillary
54%
Shot his political rival Alexander Hamilton in a famous duel in 1804Aaron Burr
44%
Plots often explore the dependence of women on marriage in the pursuit of
favourable social standing and economic security
Jane Austen
39%
His reported overhauling of the railway network led to the popular saying,
"Say what you like about him, he made the trains run on time"
Benito Mussolini
31%
The Terror ended with his arrest on 9 Thermidor and his execution on the day afterMaximilien Robespierre
31%

Score Distribution

Percentile by Number Answered

Percent of People with Each Score

Your Score History

You have not taken this quiz